000 01229nam a2200325Ia 4500
001 Z_6238
003 CHAP
008 220113s2011 xx 000 0 und d
010 _a169482
040 _cCHAP
090 _aTesis H47 2206
100 _aHernández León, Miguel
_954213
245 _aJerarquización de bovino suizo americano con base en evaluación genética y calificación en juzgamiento de ganado /
_cMiguel Hernández León y María Albina Pablo Altunar
260 _aChapingo, México :
_bEl autor,
_c2011
300 _a69 h.
502 _aTesis (Ingeniero Agrónomo Especialista en Zootecnia) -- UACh, 2011 \ Dirección: Rodolfo Ramírez Valverde ; asesoría: José G. García Muñiz y Agustín Ruíz Flores
650 _aGanado bovino
_xsuizo americano
_9144258
650 _aJuzgamiento del ganado
_9144259
650 _aValor genético
_9117669
700 _a García Muñiz, José G., asesor
_9144260
700 _a Ramírez Valverde, Rodolfo, director
_9144261
700 _a Ruíz Flores, Agustín, asesor
_9142674
700 _aI. Pablo Altunar, María Albina, coaut.
_9144262
901 _aTESIS H47 2206
902 _aM
910 _a2011
942 _c2
942 _c2
999 _c169482
_d169482